Compendium of land matters in Kenya : (Record no. 29939)

MARC details
000 -LEADER
fixed length control field 01233nam a22003857a 4500
003 - CONTROL NUMBER IDENTIFIER
control field PACU
005 - DATE AND TIME OF LATEST TRANSACTION
control field 20180710153432.0
008 - FIXED-LENGTH DATA ELEMENTS--GENERAL INFORMATION
fixed length control field 180621b ||||| |||| 00| 0 eng d
040 ## - CATALOGING SOURCE
Language of cataloging eng
Transcribing agency PACU
050 ## - LIBRARY OF CONGRESS CALL NUMBER
Classification number SPEC HD983
Item number .Z63L36 2017
245 ## - TITLE STATEMENT
Title Compendium of land matters in Kenya :
Remainder of title Basis for priority in research and land policy implementation /
Statement of responsibility, etc. National land commission
260 ## - PUBLICATION, DISTRIBUTION, ETC. (IMPRINT)
Place of publication, distribution, etc. Nairobi, Kenya :
Name of publisher, distributor, etc. National Land Commission;
Date of publication, distribution, etc. c2017
650 ## - SUBJECT ADDED ENTRY--TOPICAL TERM
Topical term or geographic name as entry element Land policy
Geographic subdivision Kenya
650 ## - SUBJECT ADDED ENTRY--TOPICAL TERM
Topical term or geographic name as entry element Land allocation /
650 ## - SUBJECT ADDED ENTRY--TOPICAL TERM
Topical term or geographic name as entry element Land reform /
650 ## - SUBJECT ADDED ENTRY--TOPICAL TERM
Topical term or geographic name as entry element Public land/
650 ## - SUBJECT ADDED ENTRY--TOPICAL TERM
Topical term or geographic name as entry element Land rights
Form subdivision Children & youth
650 ## - SUBJECT ADDED ENTRY--TOPICAL TERM
Topical term or geographic name as entry element Land rights
Form subdivision Minority groups
650 ## - SUBJECT ADDED ENTRY--TOPICAL TERM
Topical term or geographic name as entry element Land rights
Form subdivision Vulnerable groups
650 ## - SUBJECT ADDED ENTRY--TOPICAL TERM
Topical term or geographic name as entry element Land allocation/
650 ## - SUBJECT ADDED ENTRY--TOPICAL TERM
Topical term or geographic name as entry element Land acquisition /
650 ## - SUBJECT ADDED ENTRY--TOPICAL TERM
Topical term or geographic name as entry element Pastoralism /
650 ## - SUBJECT ADDED ENTRY--TOPICAL TERM
Topical term or geographic name as entry element Land tenure /
650 ## - SUBJECT ADDED ENTRY--TOPICAL TERM
Topical term or geographic name as entry element Inheritance /
650 ## - SUBJECT ADDED ENTRY--TOPICAL TERM
Topical term or geographic name as entry element Land
Form subdivision Dispute resolution
650 ## - SUBJECT ADDED ENTRY--TOPICAL TERM
Topical term or geographic name as entry element Informal settlements /
650 ## - SUBJECT ADDED ENTRY--TOPICAL TERM
Topical term or geographic name as entry element Land
Form subdivision Gender and equity
650 ## - SUBJECT ADDED ENTRY--TOPICAL TERM
Topical term or geographic name as entry element Land adjudication /
650 ## - SUBJECT ADDED ENTRY--TOPICAL TERM
Topical term or geographic name as entry element Community land /
650 ## - SUBJECT ADDED ENTRY--TOPICAL TERM
Topical term or geographic name as entry element Private land/
650 ## - SUBJECT ADDED ENTRY--TOPICAL TERM
Topical term or geographic name as entry element Property rights /
650 ## - SUBJECT ADDED ENTRY--TOPICAL TERM
Topical term or geographic name as entry element Land issues
Geographic subdivision Coastal Kenya
650 ## - SUBJECT ADDED ENTRY--TOPICAL TERM
Topical term or geographic name as entry element Land-based natural resources /
942 ## - ADDED ENTRY ELEMENTS (KOHA)
Source of classification or shelving scheme Library of Congress Classification
Koha item type Special Collections
Holdings
Withdrawn status Lost status Source of classification or shelving scheme Damaged status Not for loan Home library Current library Shelving location Date acquired Source of acquisition Total Checkouts Full call number Barcode Date last seen Copy number Price effective from Koha item type
    Library of Congress Classification     PAC UNIVERSITY PAC UNIVERSITY General Stacks 21/06/2018 donation   SPEC HD 983 .Z63L36 2017 53955 21/06/2018 C.1 21/06/2018 Special Collections
    Library of Congress Classification     PAC UNIVERSITY PAC UNIVERSITY General Stacks 21/06/2018 donation   SPEC HD 983 .Z63L36 2017 53953 21/06/2018 C.2 21/06/2018 Special Collections
    Library of Congress Classification     PAC UNIVERSITY PAC UNIVERSITY General Stacks 21/06/2018 donation   SPEC HD 983 .Z63L36 2017 53976 21/06/2018 C.4 21/06/2018 Special Collections
    Library of Congress Classification     PAC UNIVERSITY PAC UNIVERSITY Special Collection 17/07/2018 Donation   SPEC HD983 .Z63L36 2017 53954 17/07/2018 C.3 17/07/2018 Special Collections

Richard Ondeng' Library |56875-00200,Nairobi | Kenya
Tel: +254-20-2013146 / 2076894 | Mobile: 0721-932050, 0734-400694
Email: enquiries@pacuniversity.ac.ke| Website: www.pacuniversity.ac.ke
Powered by PAC University ICT Department